000 00675nam a22002297a 4500
003 UA-OsUOA
001 107426
007 ta
008 20140813b un ||||| |||| 00| 0 ukr d
090 _a94(477).04:929
_bК59
942 _cBK
040 _aUA-OsUOA
_bukr
_cUA-OsUOA
_dUA-OsUOA
245 _aКозацьке братство. Лицарі України
_cО. П. Коцюба, Р. О. Коцюба
300 _a456 с.
955 _a1
041 _aukr
080 _a94(477).04:929
020 _a978-80-89689-01-9
260 _aБратислава
_bЕЦИИ
_c2014
650 7 _a9 Географія. Біографії. Історія
_2UDC
999 _c393622
_d393622